000 00532cam a2200181 4500500
005 20260329004129.0
041 _afre
042 _adc
100 1 0 _aPortevin, Catherine
_eauthor
245 0 0 _aLe Sauvetage
260 _c2018.
500 _a52
690 _aBruce Bégout
690 _aHusserl
690 _aPhilippe Garnier
786 0 _nPhilosophie magazine | 122 | 9 | 2018-09-01 | p. 44-44 | 1951-1787
856 4 1 _uhttps://shs.cairn.info/magazine-philosophie-magazine-2018-9-page-44?lang=fr&redirect-ssocas=7080
999 _c1831001
_d1831001